000 00699nam a2200217Ia 4500
003 GCL
005 20240530102502.0
008 140319s9999 xx 000 0 ara d
040 _aGCL /
_cGCL
082 0 4 _a320.962
_bم ظ
100 1 _aمحمد ابوالاسعاد
245 1 0 _aظاهرة الفساد السياسى فى مصر المعاصرة 1974 - 1986 /
_cمحمد ابوالاسعاد
260 _a[S.N] :
_bلجنة الاعلام والدراسات المستقبلية
300 _a135 ص
650 0 4 _aالعصر الحديث
650 0 4 _aمصر
650 0 4 _aتاريخ
650 0 4 _aالاحوال السياسية
650 0 4 _aحسنى مبارك
942 _2ddc
_cBK
999 _c32592
_d32592